| 000 | 00409nam a2200169Ia 4500 | ||
|---|---|---|---|
| 008 | 221030s9999 xx 000 0 und d | ||
| 020 | _a8176356085 | ||
| 041 | _aEnglish | ||
| 082 |
_a105.23 _bLaf |
||
| 100 | _aR. Lafore | ||
| 245 | 0 |
_aObject - Oriented Programming in C++ _cby R. Lafore |
|
| 250 | _a4th | ||
| 260 |
_bTechmedia _aNew Delhi _c2006 |
||
| 300 | _a1012 | ||
| 650 | _aBE Computer | ||
| 942 | _cBK | ||
| 999 |
_c3616 _d3616 |
||